|
|
|
|
| LEADER |
01529nam a2200433 a 4500 |
| 001 |
000569830 |
| 003 |
CZ BrMZK |
| 005 |
20070413142136.0 |
| 007 |
ta |
| 008 |
000115s2001 xr cze d |
| 015 |
|
|
|a cnb001008931
|
| 020 |
|
|
|a 80-7262-069-X
|
| 035 |
|
|
|a (OCoLC)50344884
|
| 040 |
|
|
|a BOA001
|b cze
|
| 041 |
1 |
|
|a cze
|a slo
|
| 072 |
|
7 |
|a 616
|x Patologie. Klinická medicína
|2 Konspekt
|9 14
|
| 080 |
|
|
|a 616-073
|2 MRF
|
| 080 |
|
|
|a 616.231-089.86
|2 MRF
|
| 080 |
|
|
|a 616.231-007.271
|2 MRF
|
| 080 |
|
|
|a 617-089
|2 MRF
|
| 080 |
|
|
|a 616.231
|2 MRF
|
| 080 |
|
|
|a (048.8)
|2 MRF
|
| 100 |
1 |
|
|a Pafko, Pavel,
|d 1940-
|7 jn19990009946
|4 aut
|
| 245 |
1 |
0 |
|a Praktická chirurgie trachey /
|c Pavel Pafko, Svetozár Haruštiak et al.
|
| 250 |
|
|
|a 1. vyd.
|
| 260 |
|
|
|a Praha :
|b Galén,
|c c2001
|
| 300 |
|
|
|a 111 s. :
|b il. (některé barev.) ;
|c 23 cm
|
| 500 |
|
|
|a Text česky a slovensky
|
| 650 |
0 |
7 |
|a diagnostické zobrazovací metody
|7 ph134757
|2 czenas
|
| 650 |
0 |
7 |
|a tracheostomie
|7 ph136835
|2 czenas
|
| 650 |
0 |
7 |
|a tracheostenóza
|7 ph136834
|2 czenas
|
| 650 |
0 |
7 |
|a chirurgická terapie
|7 ph134817
|2 czenas
|
| 650 |
0 |
7 |
|a průdušnice
|7 ph136830
|2 czenas
|
| 655 |
|
7 |
|a monografie
|7 fd132842
|2 czenas
|
| 700 |
1 |
|
|a Haruštiak, Svetozár,
|d 1944-
|7 xx0063112
|4 aut
|
| 910 |
|
|
|a BOA001
|b 2-1090.417
|
| 990 |
|
|
|a BK
|
| 996 |
6 |
|
|b 2610142761
|c 2-1090.417
|l MZK
|r Sklad / do 1 hodiny
|n 0
|p p.v.
|w 000569830
|u 000010
|a 1
|e BOA001
|j MZK50
|s P
|
| 996 |
7 |
|
|b 2610142762
|c 2-1090.417
|l MZK
|r Sklad / do 1 hodiny
|n 7
|p kup
|w 000569830
|u 000020
|a 1
|e BOA001
|j MZK50
|s A
|